Give the FULL name 3 - Statistics

General Stats
  • This quiz has been taken 12 times
  • The average score is 10 of 41
Answer Stats
"Fame Name" Original/Birth name % Correct
Bolívar
80%
Simón Bolívar Simón
80%
Eleanor
70%
Marie Curie Maria
70%
Michelangelo Michelangelo
70%
Roosevelt
70%
Lady Gaga Stefani
60%
de
40%
Pope Francis Jorge
40%
Skłodowska
40%
Eleanor Roosevelt Anna
30%
Jamie Foxx Eric
30%
la
30%
Antonio
20%
Bergoglio
20%
Harry Houdini Erik
20%
Germanotta
20%
José
20%
Confucius Kǒng
20%
Mario
20%
Salomea
20%
y
20%
y
20%
Angelina
10%
Bishop
10%
Buonarroti
10%
Geertruida
10%
Joanne
10%
Mata Hari Margaretha
10%
Marlon
10%
Qiū
10%
Weisz
10%
Zelle
10%
Blanco
0%
(artist) di
0%
Lodovico
0%
Palacios
0%
Ponte
0%
Santísima
0%
Simoni
0%
Trinidad
0%
No matching quizzes found
Score Distribution
Percent of People with Each Score
Percentile by Number Answered
Your Score History
You have not taken this quiz